Rozpoznaj Mecz Po Komentarzu - Statystyki

Ogólne statystyki
  • Ten quiz został rozwiązany 79 razy
  • Średni wynik to 4 z 10
Statystyki odpowiedzi
Komentarz Drużyny % Poprawnych
"*** szansa i goooooool!!! gooooool!!! ***! ***! ***! zdobywa pierwszą bramkę dla biało czerwonych na Mistrzostwach Europy!!!" Polska-Irlandia Północna
80%
"***.***!I nie!!!Jest Gol!!! Coś Nie-pra-wdo-po-do-bne-go.Co tutaj się stało w Glasgow,szok!!! szok!!! szok!!!I koniec!!!!" Szkocja-Polska
69%
"*** no to jest ryzyko.Zagapił się ***!To może być 2:0.Co myśmy zrobili.Jezus Maria! Polska-Senegal
67%
"*** wyjdzie sam na sam,*** dostał te piłkę od ***,*** 3:0 koniec.(Przerwa około 15 minut)I, pojechali do domu,mamy mundial w 4K." Polska-Kolumbia
64%
"Jest ***,ach teraz jest zamieszanie!Odbita piłka!Jeszcze Wybita!Jaka decyzja sędziego?Chyba jest rzut karny.Jeżeli dobrze widziałem jest rzut karny,zaraz zobaczymy.*** usunięty z boiska.(Krótka przerwa ok. 1 min)Ku uszczęśliwienia *** i Afryki,rusza.Goooooool,Poprzeczka!!!!Awięc będą karne Urugwaj-Ghana
54%
"Błąd ***,*** goool!!*** wygrywa ***,kolejny z wielkich w tym sezonie w *** i znów to wszystko dzieje się na oczach kibiców z Anfield." Liverpool-Manchester City
17%
"*** pole Karne !!!! aaaaaaaaalleeeeeeż gool,*** *** *** Real Madryt-Liverpool
13%
"Nie dopatrzył się zagrania ręką,Turecki arbiter,*** kontra ***,*** to może być koniec nadziei.Tak jest!!!*** notuje swój kolejny wielki dzień na *** FC Barcelona-Chelsea
10%
"*** po ćwierćfinał Ligi Mistrzów?!Goool goool.*** dokonuje niemożliwego.Czy pozwoli wznowić gre Damir Skomina" PSG-Manchester United
4%
"W tym przypadku *** nie stanął na wyskości zadania.*** *** ***,***!!!!!27 minuta,on chyba sam nie do końca wierzy." Juventus-Real
1%
Nie znaleziono quizów pasujących do podanych kryteriów
Rozkład punktacji
Procent ludzi z każdym wynikiem
Percentyl według liczby udzielonych odpowiedzi
Twoja historia wyników
Nie rozwiązałeś tego quizu